Biology and taxonomy of nematode parasites and associates of bark beetles in the United States (Record no. 56537)

MARC details
000 -LEADER
fixed length control field 00503nam a22001457a 4500
008 - FIXED-LENGTH DATA ELEMENTS--GENERAL INFORMATION
fixed length control field 230801b |||||||| |||| 00| 0 eng d
040 ## - CATALOGING SOURCE
Original cataloging agency National Science Library
Transcribing agency National Science Library
080 ## - UNIVERSAL DECIMAL CLASSIFICATION NUMBER
Universal Decimal Classification number 59.5.132+595.76
Item number L4
245 ## - TITLE STATEMENT
Title Biology and taxonomy of nematode parasites and associates of bark beetles in the United States
260 ## - PUBLICATION, DISTRIBUTION, ETC.
Place of publication, distribution, etc. Washington:
Name of publisher, distributor, etc. US Department of Commerce,
Date of publication, distribution, etc. 1974
300 ## - PHYSICAL DESCRIPTION
Extent 233p.
500 ## - GENERAL NOTE
General note Agriculture handbook no. 446
650 ## - SUBJECT ADDED ENTRY--TOPICAL TERM
Topical term or geographic name entry element Handbook
942 ## - ADDED ENTRY ELEMENTS (KOHA)
Source of classification or shelving scheme Universal Decimal Classification
Koha item type Reference

No items available.